| 000 | 00568nam a22002297a 4500 | ||
|---|---|---|---|
| 005 | 20240528165754.0 | ||
| 008 | 211125b xxu||||| |||| 00| 0 spa d | ||
| 020 | _a9789583010828 | ||
| 041 | _aESP | ||
| 082 | _a745.926 Q7f | ||
| 100 | _aQuintero Ovalle, Zandra | ||
| 245 | _aFlores frescas para el matrimonio | ||
| 260 | _aColombia | ||
| 260 | _bPanamericana Editorial | ||
| 260 | _c2003 | ||
| 300 | _a18 páginas | ||
| 650 | _aARREGLOS FLORALES | ||
| 650 | _aHERRAMIENTAS | ||
| 650 | _aARREGLOS PARA MATRIMONIO | ||
| 942 |
_cBK _2ddc |
||
| 999 |
_c13176 _d13176 |
||